A travers le désastre

Gespeichert in:
Bibliographische Detailangaben
1. Verfasser: Maritain, Jacques (autor)
Format: Buch
Sprache:Französisch
Veröffentlicht: Nueva York Maison Française, Inc. 1941
Ausgabe:1a. ed
Schriftenreihe:Voix de France
Schlagworte:
Tags: Tag hinzufügen
Keine Tags, Fügen Sie den ersten Tag hinzu!

MARC

LEADER 00000nam a2200000 a 4500
001 UCJ6795
003 CL-VaPUC
008 070124e19410000US |||||||||||||||||fre|d
082 0 4 |a 944  |b MAR  |2 21 
100 |a Maritain, Jacques  |e autor  |9 255680 
245 1 2 |a A travers le désastre 
250 |a 1a. ed 
300 |a 149 p 
942 |c BK 
945 |d 20070124 00:00:00  |a rinostro 
260 |a Nueva York  |b Maison Française, Inc.  |c 1941 
650 7 |a GUERRA MUNDIAL II  |2 CL-VaPUC  |9 336657 
650 0 |a Totalitarismo  |9 255261 
651 0 |a Francia  |9 255157 
651 0 |a Alemania  |9 255688 
583 |a last modification  |c 20070124 00:00:00  |k Rodrigo Vera 
490 0 |a Voix de France 
999 |c 322897  |d 322895 
952 |0 0  |1 0  |4 0  |6 944_000000000000000_MAR_1941  |7 0  |8 X  |9 402050  |a FDOBUD  |b FDOBUD  |d 2019-11-22  |i 1053167  |o 944 MAR 1941  |p 1053167  |r 2019-11-22  |w 2019-11-22  |y BK_X  |k BUD